WORLD clinics: obstetrics and gynecology: preterm labor

Saved in:
Bibliographic Details
Main Author: Mala Arora, Jennifer R. Niebyl and Asha Rijhsinghani
Format: Book
Language:English
Published: Jaypee Brothers Medical Publishers 2012.
Tags: Add Tag
No Tags, Be the first to tag this record!

MARC

LEADER 00000nam a22000007a 4500
008 240522b |||||||| |||| 00| 0 eng d
020 |a  978-93-5090-175-5 
100 |a Mala Arora, Jennifer R. Niebyl and Asha Rijhsinghani 
245 |a WORLD clinics: obstetrics and gynecology:   |b preterm labor  |c Mala Arora, Jennifer R. Niebyl and Asha Rijhsinghani  |g xviii, 167p. : ill.  
250 |c Mala Arora, Jennifer R. Niebyl and Asha Rijhsinghani 
260 |b Jaypee Brothers Medical Publishers  |c 2012.   |h New Delhi  |i 697074 – H. Sci., 697975 (Vol. 2 No. 1)   |l RG649 .W89  |m Labor premature … prevention   |m Pregnant women … medical care  |m Evidence … based medicine  
500 |a “it includes references” 
942 |a lcc  |c BK  |e Adeniran, F. A  |f 22/05/2024 
952 |0 0  |1 0  |2 lcc  |4 0  |6 RG0649 W89  |7 0  |9 5140  |a HE  |b HOL  |c QZ  |d 2024-05-22  |l 0  |n 2  |o RG649 .W89  |p 2024-0387  |r 2024-05-22 00:00:00  |t 697074  |w 2024-05-22  |y BK 
952 |0 0  |1 0  |2 lcc  |4 0  |6 RG0649 W89  |7 0  |9 5141  |a HOL  |b HOL  |c QZ  |d 2024-05-22  |l 0  |n 2  |o RG649 .W89  |r 2024-05-22 00:00:00  |t 697075  |w 2024-05-22  |y BK 
999 |c 2555  |d 2555